| 000 | 00392nam a2200157Ia 4500 | ||
|---|---|---|---|
| 008 | 210716s1986 xx 000 0 und d | ||
| 020 | _a9971846209 | ||
| 041 | _aeng | ||
| 082 | _a005.304 SIMA | ||
| 100 | _aSimpson, Alan;Mosich, Donna M. | ||
| 245 | _aFocus on symphony databases. | ||
| 250 | _a1 | ||
| 260 |
_aSingapore _bTech Publications _c1986 |
||
| 300 | _axix,398 | ||
| 650 | _aNone | ||
| 999 |
_c180530 _d180530 |
||